000
00251 a2200097 4500
001
29768
100
_a
Chasen S L
245
_a
Geometric principles and procedures for computer graphic applications
260
_a
_b
Prentice
_c
090
_c
19785
_d
19785
942
_a
NUST-CAE
_c
M
_c
10874
999
_c
264841
_d
264841